00446 2200169 4500001002100000005001700021006001900038008004100057020002200098035002500120090001800145100001400163245003000177260003800207700001400245990001700259INLIS00000000000846920140303131049.0a ||| | 180719| ||| |  a978-979-29-2797-9 a0010-081300000000106 a581.469 JOE d0 aHernita P00aDahsyatnya khasiat sirsak aYogyakartabC.V ANDI OFFSETc20120 awulan joe a8635/PN/2013